Statistics for Is It Bigger Than......? - Part 1

Click here to take the quiz!

General Stats

  • This quiz has been taken 32 times
  • The average score is 8 of 10

Answer Stats

QuestionTileSelect% Correct
Is Brazil Bigger Than KazakhstanYesYes
93%
Is Iran Bigger Than ArgentinaNoYes
90%
Is Iran Bigger Than ArgentinaYesNo
90%
Is Israel Bigger Than Ireland?NoYes
83%
Is Ukraine Bigger Than JapanNoNo
83%
Is Brazil Bigger Than KazakhstanNoNo
83%
Is Israel Bigger Than Ireland?YesNo
83%
Is Ukraine Bigger Than JapanYesYes
83%
Is India Bigger Than AustraliaNoYes
76%
Is India Bigger Than AustraliaYesNo
72%

Score Distribution

Percentile by Number Answered

Percent of People with Each Score

Your Score History

You have not taken this quiz